Harry Potter (COS) Trivia Quiz Stats

 Plays Quiz not verified by Sporcle

Score 0/39 Timer 15:00
0 Plays Today
Question Answer % Correct
Who does Snape choose to be Harry's duelling partner?Draco Malfoy
92.3%
A statue of which Hogwarts founder stands in the Chamber of Secrets?Salazar Slytherin
85.6%
What colour is the Hogwarts express?Scarlet
85.6%
What is the name for someone born into a magical family with no magical powers?A Squib
85.2%
Which house won the Hogwarts house championship in Harry's first year?Gryffindor
85.2%
Underage wizards are not allowed to use what out of school?Magic
85.2%
Who is the first teacher Harry and Ron meet after escaping the whomping willow?Severus Snape
84.2%
Who physically opens the Chamber of Secrets?Ginny Weasley
83.7%
Before Hagrid is taken from Hogwarts, what hint does he give Ron and Harry?Follow the spiders
83.7%
What is the name of the Weasley's house?The Burrow
80.4%
Name the illumination spell that Harry and Ron use in the forbidden forestLumos
78%
Who does Lockhart choose to help re-enact the dramtic bits from his books?Harry
78%
What is the title of Lockhart's autobiographyMagical Me
76.6%
What does Mrs Weasley send to Ron on the first morning of the new term?A Howler
75.6%
What colour is Harry's hair?Black
75.1%
Floo Powder turns flames what colour?Green
74.2%
After drinking polyjuice potion, what colour do Hermione's eyes become?Yellow
69.4%
How many OWLs does Percy get?12
68.4%
Who did Myrtle go back to Hogwarts to haunt?Olive Hornby
66.5%
Who turned Ron's teddy bear into a spider when Ron was 3?Fred Weasley
65.1%
Question Answer % Correct
How many beds are in Harry's dormitory?5
64.1%
What colour are Mr Weasley's work robes?FGreen
61.7%
Which of the Dursley's have magical blood?None
61.7%
Dobby's eyes are the same size as what?Tennis balls
60.3%
Who is Mosag?Aragog's wife
59.3%
Which member of the Ministry of Magic writes to Harry after Dobby drops the pudding on Mrs Mason's head?Mafalda Hopkirk
58.4%
From what kind of egg does the Basilisk hatch?Chicken
56.9%
What is the name of the popular singing sorceress as announced on the radio in the Weasley's kitchen?Celestina Warbeck
42.6%
In what year did Nearly Headless Nick die?1492
42.1%
What incantation does Draco use to conjour a snake?Serpensortia
38.8%
How many ghost horses are in the headless hunt?12
38.3%
What does 'Rictumsempra' do?Tickles your opponent
34%
What are the second years supposed to choose during the easter holidays?Third year classes
25.4%
What does Mr Weasley call 'escalators'?Escapators
23%
In March, what do several of the Mandrakes to that makes Professor Sprout very happy?Throw a party
18.2%
In the recipe for Polyjuice potion, how long do lacewing flies have to be stewed for?21 days
12.9%
What kind of noise do the giant spiders make?Clicks
8.1%
What creature does Hagrid suspect has killed several roosters at Hogwarts?A blood-sucking bugbear
5.3%
What does professor Sprout require the students to prune during herbology class?Abyssian Shrivelfigs
2.9%

You're not logged in!

Compare scores with friends on all Sporcle quizzes.
OR
Log In

Show Comments

Extras

Top Quizzes Today


Score Distribution

Your Account Isn't Verified!

In order to create a playlist on Sporcle, you need to verify the email address you used during registration. Go to your Sporcle Settings to finish the process.

Report this User

Report this user for behavior that violates our Community Guidelines.

Details: